00943cam 2200265 4500001000800000005001700008008004100025035002100066906004500087010001700132020001500149040002500164050001900189082000800208100003600216245012200252260006200374300001900436440004400455490003200499504003300531650002600564991005800590099002900648410958919900627110710.8701119r1970 nyu b 001 0 eng  9(DLC) 75117793 a7bcbccorignewd2encipf19gy-gencatlg a 75117793  a0836918290 aDLCcDLCdDLCdOCoLC00aB720b.F7 197000a1891 aFremantle, Anne Jackson,d1909-14aThe age of belief;bthe medieval philosophers.cSelected, with introd. and interpretive commentary by Anne Fremantle. aFreeport, N.Y.,bBooks for Libraries Pressc[1970, c1954] a218 p.c23 cm. 4aThe Great ages of Western philosophyv10 aEssay index reprint series. aBibliography: p. [214]-[215] 0aPhilosophy, Medieval. bc-GenCollhB720i.F7 1970p00009402184tCopy 1wBOOKS afremantle-age-1072035832